World Cup Golden Ball Winners - Statistics

General Stats
  • This quiz has been taken 17 times
  • The average score is 7 of 10
Answer Stats
Hint Answer % Correct
2022 Lionel Messi
100%
2014 Lionel Messi
100%
1998 Ronaldo
93%
2006 Zinedine Zidane
80%
1986 Diego Maradona
67%
2018 Luka Modric
67%
2002 Oliver Kahn
60%
1994 Romário
53%
2010 Diego Forlan
47%
1990 Salvatore Schillaci
27%
No matching quizzes found
Score Distribution
Percent of People with Each Score
Percentile by Number Answered
Your Score History
You have not taken this quiz